000 00203 a2200097 4500
001 17905
100 _aShigley, J E
245 _aTheory of Machines
260 _a
_bMcgraw Hill
_c
090 _c13218
_d13218
942 _aNUST-CAE
_cM
_c3579
999 _c252978
_d252978